| 000 | 00793nam a2200265Ia 4500 | ||
|---|---|---|---|
| 001 | Para_632 | ||
| 003 | CHAP | ||
| 008 | 220125s1995 xx 000 0 und d | ||
| 010 | _a199392 | ||
| 040 | _cCHAP | ||
| 090 | _aPA FOLLETO 3380 | ||
| 100 |
_aSalas, Jorge _9164644 |
||
| 245 |
_aManejo integrado del tripos o piojito amarillo de la caraota Thrips palmi Karny en Venezuela / _c por Jorge Salas y Mario Cermeli |
||
| 260 |
_as.l. : _b Fondo Nacional de Investigaciones Agropecuarias |
||
| 300 | _a1 hoja desplegable | ||
| 650 |
_aTrips _9164539 |
||
| 700 |
_aCermeli, Mario _9164645 |
||
| 901 | _aPA FOLLETO 3380 | ||
| 902 | _aA | ||
| 905 | _a0000001995 0000000000 00 | ||
| 910 | _a1995 | ||
| 942 | _cPARA | ||
| 942 |
_cPARA _d1 |
||
| 999 |
_c199392 _d199392 |
||